00430nam a2200157Ia 4500003000900000008004100009040001600050080001600066100001800082245005700100250001200157260003500169300001400204650003100218650002300249IN-BaIIA211028s9999 xx 000 0 eng d cIIA Library a658.31bMUT aMuthuswamy, P 0aStandardised ready reckoner pay tablecP. Muthuswamy a4th ed. aMadrasbSwamy Publishersc1974 axv, 280p. a Central Government Rules aOthers Thesaurus